Guess the Louis Tomlinson song with no hints #11 - Statistics

General Stats
  • This quiz has been taken 63 times
  • The average score is 238 of 324
Answer Stats
Answer % Correct
a
97%
I
97%
and
95%
And
95%
the
95%
Me
92%
me
92%
to
92%
You
92%
you
92%
you,
92%
on
89%
your
89%
do
86%
I'm
86%
so
84%
we
84%
We
84%
don't
81%
know
81%
know,
81%
like
81%
when
81%
who
81%
be
78%
in
78%
time
78%
we'll
78%
we're
78%
with
78%
it's
76%
It's
76%
that
76%
these
76%
these,
76%
all
73%
go
73%
much
73%
Nights
73%
Only
73%
say,
73%
But
70%
happier
70%
our
70%
remember
70%
silver
70%
songs
70%
times
70%
up
70%
again
68%
at
68%
end
68%
feel
68%
goin'
68%
home
68%
lie
68%
love
68%
my
68%
those
68%
tongues
68%
until
68%
was
68%
for
65%
happier
65%
jokes
65%
stupid
65%
would
65%
wrote
65%
one
62%
things
62%
those
62%
nobody
59%
said
59%
some
59%
There's
59%
understands
59%
dirty
57%
fifty
57%
start
57%
beat
54%
eye
54%
got
54%
high
54%
pretty
54%
rather
54%
road
54%
smile
54%
stand
54%
Wakin'
54%
Air
51%
drug
51%
else
51%
Gettin'
51%
king
51%
metre
51%
nowhere
51%
regret
51%
smoke
51%
tall
51%
vodka
51%
amber
49%
Because
49%
grass
49%
wave
49%
Maxes
46%
mug
46%
same
46%
another
43%
down
43%
heavy
43%
master
43%
ones
43%
preach
43%
chests
41%
choked
41%
plan
41%
shout
38%
empty
35%
Sit
35%
cans
32%
Going
32%
Bad
30%
deep
27%
logic
27%
Settle
16%
No matching quizzes found
Score Distribution
Percent of People with Each Score
Percentile by Number Answered
Your Score History
You have not taken this quiz